| 000 | 01769nam a22003135a 4500 | ||
|---|---|---|---|
| 003 | EG-ScBUE | ||
| 005 | 20221204104416.0 | ||
| 008 | 180424s1991 sj a f b 000 0 ara d | ||
| 020 | _a9226082030 (مج. 2) | ||
| 020 | _a9226082022 (مج. 1) | ||
| 040 |
_aEG-ScBUE _bara _erda _cEG-ScBUE _dEG-ScBUE |
||
| 043 | _af-sj--- | ||
| 082 | 0 | 4 |
_a304.809624 _bم س ح _222 |
| 245 | 0 | 0 |
_aمسح الهجرة والقوى العاملة في السودان / _cالتحرير والمراجعة نبيل خوري ؛ المساهمون إبراهيم أحمد إبراهيم [وعشرة آخرون]. |
| 250 | _aالطبعة الأولى. | ||
| 264 | 1 |
_a[الخرطوم] : _bجمهورية السودان، وزارة العمل ومصلحة الاحصاء : _bمنظمة العمل الدولية، المكتب الاقليمي للدول العربية، فريق عمل السكان والقوى العاملة في منطقة الشرق الأوسط وحوض البحر الأبيض المتوسط، _c1991. |
|
| 300 |
_a2 مجلد : _bإيضاحيات ؛ _c24 سم |
||
| 504 | _aيشتمل على إرجاعات ببليوجرافية. | ||
| 505 | 0 | _aالجزء الأول. الإطار الهيكلي لأسلوب المسح -- الجزء الثاني. النتائج النهائية للمسح. | |
| 541 |
_aأ. محمد فريد خميس ؛ _cإهداء ؛ |
||
| 650 | 7 |
_aالقوى العاملة _zالسودان. _2BUEsh |
|
| 650 | 7 |
_aالهجرة الداخلية _zالسودان. _2BUEsh |
|
| 651 | 7 |
_aالسودان _xنزوح وهجرة. _2BUEsh |
|
| 653 |
_bGGEN _cApril2018 |
||
| 655 | _vReading book | ||
| 700 | 1 |
_aخوري، نبيل، _eمحرر، _eمراجع. |
|
| 700 | 1 |
_aإبراهيم أحمد إبراهيم، _eمساهم. |
|
| 942 | _2ddc | ||
| 999 |
_c26586 _d26558 |
||